Good faith in construction contracts - the hidden agenda (Record no. 60106)

MARC details
000 -LEADER
fixed length control field 00881cam a2200217 4500
001 - CONTROL NUMBER
control field ABS61318
008 - FIXED-LENGTH DATA ELEMENTS--GENERAL INFORMATION
fixed length control field 000000n1999 000 0 eng u
035 ## - SYSTEM CONTROL NUMBER
System control number (Sirsi) u100470
100 ## - MAIN ENTRY--PERSONAL NAME
Personal name Colledge, B.
245 ## - TITLE STATEMENT
Title Good faith in construction contracts - the hidden agenda
260 ## - PUBLICATION, DISTRIBUTION, ETC.
Date of publication, distribution, etc. 1999
490 ## - SERIES STATEMENT
Series statement Construction Law Journal
Volume/sequential designation 15(4) 1999, 288-299(6)
520 ## - SUMMARY, ETC.
Summary, etc. Discusses the meaning of 'good faith' and the extent to which an obligation of duty and care in construction contracts is dependent on the definition of the term. Analyses the alternative solutions to addressing issues of unfairness which have been developed under English law.
590 ## - LOCAL NOTE (RLIN)
Local note ABS
650 ## - SUBJECT ADDED ENTRY--TOPICAL TERM
Topical term or geographic name entry element GOOD FAITH
650 ## - SUBJECT ADDED ENTRY--TOPICAL TERM
Topical term or geographic name entry element ENGLISH LAW
650 ## - SUBJECT ADDED ENTRY--TOPICAL TERM
Topical term or geographic name entry element BUILT ENVIRONMENT-BUILDING CONTRACT FORMS
650 ## - SUBJECT ADDED ENTRY--TOPICAL TERM
Topical term or geographic name entry element DUTY OF CARE
690 ## - LOCAL SUBJECT ADDED ENTRY--TOPICAL TERM (OCLC, RLIN)
Topical term or geographic name as entry element BUILT ENVIRONMENT-BUILDING CONTRACT FORMS
942 ## - ADDED ENTRY ELEMENTS (KOHA)
Suppress in OPAC 0
Holdings
Withdrawn status Lost status Source of classification or shelving scheme Damaged status Not for loan Home library Current library Shelving location Date acquired Total Checkouts Full call number Barcode Date last seen Copy number Price effective from Koha item type
    Dewey Decimal Classification     London London Journal article 14/10/1999   ABS61318 100470-1001 06/08/2019 1 06/08/2019 Journal article